Blast
Đã lưu trong:
| Tác giả chính: | |
|---|---|
| Định dạng: | Sách |
| Ngôn ngữ: | Undetermined |
| Được phát hành: |
Sebastopol, CA
O'Reilly
2003
|
| Những chủ đề: | |
| Các nhãn: |
Thêm thẻ
Không có thẻ, Là người đầu tiên thẻ bản ghi này!
|
| Thư viện lưu trữ: | Trung tâm Học liệu Trường Đại học Cần Thơ |
|---|
| LEADER | 00506nam a2200205Ia 4500 | ||
|---|---|---|---|
| 001 | CTU_67483 | ||
| 008 | 210402s9999 xx 000 0 und d | ||
| 020 | |b 44 | ||
| 082 | |a 571.0285 | ||
| 082 | |b K84 | ||
| 100 | |a Ian Korf | ||
| 245 | 0 | |a Blast | |
| 245 | 0 | |c Ian Korf, Mark Yandell and Joseph Bedell | |
| 260 | |a Sebastopol, CA | ||
| 260 | |b O'Reilly | ||
| 260 | |c 2003 | ||
| 650 | |a biology | ||
| 650 | |x data processing | ||
| 904 | |i Minh | ||
| 980 | |a Trung tâm Học liệu Trường Đại học Cần Thơ | ||